| 000 | 02976nam a2200397 i 4500 | ||
|---|---|---|---|
| 003 | EG-ScBUE | ||
| 005 | 20250924144106.0 | ||
| 008 | 181119s2025 ua f 000 0 ara d | ||
| 040 |
_aEG-ScBUE _bara _erda _cEG-ScBUE _dEG-ScBUE |
||
| 043 | _af-ua--- | ||
| 082 | 0 | 4 |
_a346.62015 _bب ك ر _222 |
| 100 | 1 |
_aبكري ، محمد عزمي ، _eمؤلف |
|
| 245 | 1 | 0 |
_aفي الأحوال الشخصية / _cالمستشار الدكتور محمد عزمي البكري رئيس محكمة استئناف بني سويف و عضو مجلس رؤساء محاكم الاستئناف سابقا |
| 246 | 3 | 0 | _aالأحوال الشخصية |
| 250 | _aطبعة 2025-2026. | ||
| 260 | _c[2017] | ||
| 264 | 1 |
_aالقاهرة : _bدار محمود للنشر والتوزيع، _c2025. |
|
| 300 |
_a6 مجلدات ؛ _c24 سم. |
||
| 336 |
_2rdacontent _aنص _btxt |
||
| 337 |
_2rdamedia _aبدون وسيط _bn |
||
| 338 |
_2rdacarrier _aمجلد _bnc |
||
| 490 | 0 | _aموسوعة الفقه والقضاء | |
| 500 | _aيوجد طبعة أخرى من الكتاب. | ||
| 504 | _aيشتمل على إرجاعات ببليوجرافية. | ||
| 505 | 0 | _aالمجلد الأول. الخطبة - أركان عقد الزواج - شروط انعقاد الزواج وصحة لزومه ونفاذه - إثبات الزواج - المهر - جهاز مسكن الزوجية -- المجلد الثاني. طاعة الزوجة - الاعتراض على إنذار الطاعة - النفقة الزوجية - منازعات السفر إلى الخارج - نفقة العدة - الحبس في دين النفقة وجريمة هجر العائلة - الحجز على الأجور والمرتبات وفاء لديون النفقة - وفاء بنك ناصر لديون النفقة -- المجلد الثالث. نفقة الصغار - الإرضاع - الحضانة - مسكن الحضانة - رؤية الصغير - نفقة الأقارب - متعة المطلقة - النسب - اللقيط - المفقود -- المجلد الرابع. الطلاق - أسباب التطليق - الخلع - العدة -- المجلد الخامس. صيغ دعاوى الأحوال الشخصية معلقا عليها بالأحكام الموضوعية وإجراءات التقاضي أمام المحاكم -- المجلد السادس. التعليق على قانون إنشاء محاكم الأسرة | |
| 650 | 7 |
_aالأحوال الشخصية _xقوانين وتشريعات _zمصر. _2BUEsh |
|
| 650 | 7 |
_aالزواج _xقوانين وتشريعات _zمصر. _2BUEsh |
|
| 650 | 7 |
_aالعلاقات الأسرية _xقوانين وتشريعات _zمصر. _2BUEsh |
|
| 650 | 7 |
_aالأحوال الشخصية (فقه إسلامي) _2BUEsh _941147 |
|
| 650 | 7 |
_aالزواج (فقه إسلامي) _2BUEsh |
|
| 650 | 7 |
_aالطلاق (فقه إسلامي) _2BUEsh |
|
| 651 | _2BUEsh | ||
| 653 |
_bLLAAWW _cNovember2018 _cDecember2018 |
||
| 655 | _vReading book | ||
| 942 | _2ddc | ||
| 999 |
_c27016 _d26988 |
||